[Event "ChessOrg Schachfestival  2015 - Open"]
[Site "Bad Wörishofen"]
[Date "2015.02.28"]
[Round "3.70"]
[White "Hauff, Andre"]
[Black "Engl, Heinz"]
[Result "1-0"]
[WhiteElo "1904"]
[BlackElo "2034"]
[Annotator "chessorg"]
[PlyCount "29"]
[EventDate "2015.??.??"]
[WhiteTeam "ESV 1949 Eberswalde e.V."]
[BlackTeam "Blinden SC Muenchen"]

1. d4 d5 2. Nf3 e6 3. e3 Nf6 4. Bd3 Bd6 5. b3 O-O 6. Nbd2 Nbd7 7. Bb2 b6 8. Ne5
Bb7 9. Qf3 Re8 10. O-O Nf8 11. Bb5 Re7 12. Nc6 Bxc6 13. Bxc6 Rb8 14. e4 Bxh2+
15. Kxh2 1-0

[Event "ChessOrg Schachfestival  2015 - Open"]
[Site "Bad Wörishofen"]
[Date "2015.02.28"]
[Round "3.74"]
[White "Schellmann, Frank"]
[Black "Zemlicka, Vit"]
[Result "1/2-1/2"]
[WhiteElo "2095"]
[BlackElo "1962"]
[Annotator "chessorg"]
[PlyCount "44"]
[EventDate "2015.??.??"]
[WhiteTeam "SG Einheit Halle"]
[BlackTeam "Sokol-Praha-Kobylisy"]

1. e4 e5 2. Nf3 Nc6 3. Bc4 Nf6 4. d3 Be7 5. O-O O-O 6. Re1 d6 7. a4 Na5 8. Ba2
c5 9. c3 Bg4 10. Nbd2 Nc6 11. h3 Be6 12. Nc4 h6 13. Bd2 a5 14. Qe2 Re8 15. Ne3
Bxa2 16. Rxa2 Bf8 17. Nh2 d5 18. Nf5 c4 19. exd5 cxd3 20. Qxd3 Qxd5 21. Qxd5
Nxd5 22. Nf3 Rad8 1/2-1/2

[Event "ChessOrg Schachfestival  2015 - Open"]
[Site "Bad Wörishofen"]
[Date "2015.02.28"]
[Round "3.83"]
[White "Riedl, Guenter"]
[Black "Dahmen, Juergen"]
[Result "1/2-1/2"]
[WhiteElo "1899"]
[BlackElo "1749"]
[Annotator "chessorg"]
[PlyCount "48"]
[EventDate "2015.??.??"]
[WhiteTeam "SK Marktoberdorf"]
[BlackTeam "SV Stuttgart-Wolfbusch 1956 e.V."]

1. e4 c5 2. Nf3 e6 3. d4 cxd4 4. Nxd4 a6 5. Nc3 d6 6. Be3 Nf6 7. Be2 Be7 8. Bf3
O-O 9. O-O Nbd7 10. Qe2 Ne5 11. Rad1 Nxf3+ 12. Nxf3 Qc7 13. Bg5 b5 14. e5 dxe5
15. Nxe5 Bb7 16. Rd3 h6 17. Bxf6 Bxf6 18. Ng4 Bg5 19. Rfd1 Rfd8 20. f3 Rxd3 21.
Rxd3 Rd8 22. Nf2 Rxd3 23. Nxd3 Qb6+ 24. Kf1 Qd4 1/2-1/2

[Event "ChessOrg Schachfestival  2015 - Open"]
[Site "Bad Wörishofen"]
[Date "2015.02.28"]
[Round "3.94"]
[White "Humburg, Eduard"]
[Black "Natterer, Winfried"]
[Result "0-1"]
[WhiteElo "1437"]
[BlackElo "1811"]
[Annotator "chessorg"]
[PlyCount "91"]
[EventDate "2015.??.??"]
[WhiteTeam "SC Wolfratshausen 1948 e.V."]
[BlackTeam "Schachclub Dietmannsried"]

1. c4 e6 2. d4 d5 3. e3 Nf6 4. Nc3 c6 5. Nf3 Bb4 6. Bd2 Nbd7 7. c5 b5 8. a3 Ba5
9. a4 a6 10. Nb1 Bb7 11. b4 Bc7 12. Nc3 O-O 13. Bd3 e5 14. Bf5 e4 15. Ng5 h6
16. f4 hxg5 17. fxg5 g6 18. Bxd7 Nxd7 19. Qg4 Bc8 20. O-O Nxc5 21. Qh4 Ne6 22.
Rf6 Qe8 23. Raf1 Bd8 24. Qh6 Ng7 25. Ne2 Bxf6 26. Rxf6 Nf5 27. Qh3 Nxd4 28. g4
Nxe2+ 29. Kf2 Qd7 30. Kxe2 bxa4 31. Rf4 f5 32. Bc3 Qh7 33. Qh6 Ra7 34. Bd4 Rb7
35. Bc5 Rff7 36. gxf5 Bxf5 37. Bd6 Qxh6 38. gxh6 Kh7 39. Rh4 a3 40. b5 a2 41.
Be5 axb5 42. Rf4 b4 43. h4 b3 44. Rf1 Bg4+ 45. Ke1 Rxf1+ 46. Kxf1 0-1

[Event "ChessOrg Schachfestival  2015 - Open"]
[Site "Bad Wörishofen"]
[Date "2015.02.28"]
[Round "3.2"]
[White "Teske, Henrik"]
[Black "Pitschka, Claus"]
[Result "1-0"]
[WhiteElo "2483"]
[BlackElo "2213"]
[Annotator "chessorg"]
[PlyCount "119"]
[EventDate "2015.??.??"]
[WhiteTeam "SV Glueck auf Ruedersdorf e.V."]
[BlackTeam "SC Garching 1980 e.V."]

1. d4 d5 2. c4 c6 3. Nf3 Nf6 4. Nc3 dxc4 5. a4 Bf5 6. Ne5 Nbd7 7. Nxc4 Qc7 8.
g3 e5 9. dxe5 Nxe5 10. Bf4 Nfd7 11. Bg2 g5 12. Ne3 gxf4 13. Nxf5 O-O-O 14. Qc2
Nc5 15. O-O fxg3 16. hxg3 a5 17. Rfd1 h5 18. Rxd8+ Qxd8 19. Rd1 Qf6 20. Bh3 Kb8
21. Kg2 Ng4 22. e4 Nh6 23. Nxh6 Rxh6 24. e5 Qe7 25. Qd2 Bg7 26. f4 Rh8 27. Bf5
h4 28. g4 Ne6 29. Bxe6 Qxe6 30. Qd6+ Qxd6 31. Rxd6 h3+ 32. Kh2 Rh4 33. Rd7 Rxg4
34. Rxf7 Bh6 35. e6 Bxf4+ 36. Kxh3 Rg3+ 37. Kh4 Re3 38. Rxf4 Rxe6 39. Kg4 Ka7
40. Kf3 Ka6 41. Ne4 Rh6 42. Nc5+ Kb6 43. Nd3 Ka6 44. Ke3 b5 45. Kd2 Rh2+ 46.
Kc3 bxa4 47. Rxa4 Kb5 48. Re4 Kb6 49. Re5 Rh4 50. Rf5 Rh2 51. Ne5 Rh6 52. Rf3
Rh5 53. Nc4+ Kb5 54. Re3 Rh4 55. Re5+ c5 56. Na3+ Ka4 57. Rxc5 Rh3+ 58. Kc2
Rh2+ 59. Kb1 Kb3 60. Rc3+ 1-0

[Event "ChessOrg Schachfestival  2015 - Open"]
[Site "Bad Wörishofen"]
[Date "2015.02.28"]
[Round "3.13"]
[White "Haasler, Andreas"]
[Black "Stuemer, Paul"]
[Result "1-0"]
[WhiteElo "2252"]
[BlackElo "2092"]
[Annotator "chessorg"]
[PlyCount "39"]
[EventDate "2015.??.??"]
[WhiteTeam "Sfr.Heidesheim"]
[BlackTeam "Schachverein Bergneustadt/Derschlag"]

1. d4 Nf6 2. Nc3 d5 3. Bf4 e6 4. Nf3 a6 5. Qd3 c5 6. e4 Nc6 7. O-O-O Nb4 8. Qe2
dxe4 9. Nxe4 Nfd5 10. dxc5 Qa5 11. Be5 Nxa2+ 12. Kb1 Nab4 13. Qc4 Bd7 14. c3
Nc6 15. Nd6+ Bxd6 16. Bxd6 f6 17. Bd3 O-O-O 18. Kc2 Ncb4+ 19. cxb4 Nxb4+ 20.
Kb1 1-0

[Event "ChessOrg Schachfestival  2015 - Open"]
[Site "Bad Wörishofen"]
[Date "2015.02.28"]
[Round "3.21"]
[White "Stein, Marco"]
[Black "Lupor, Andre"]
[Result "1/2-1/2"]
[WhiteElo "2102"]
[BlackElo "2283"]
[Annotator "chessorg"]
[PlyCount "43"]
[EventDate "2015.??.??"]
[WhiteTeam "SK Marktoberdorf"]
[BlackTeam "Schachgemeinschaft Ennepe-Ruhr-Sued"]

1. d4 Nf6 2. c4 g6 3. f3 d5 4. cxd5 Nxd5 5. e4 Nb6 6. Nc3 Bg7 7. Be3 O-O 8. Qd2
Nc6 9. O-O-O Qd6 10. Nb5 Qd7 11. Bh6 Bxh6 12. Qxh6 a6 13. Nc3 Nxd4 14. f4 c5
15. h4 Qg4 16. h5 f6 17. hxg6 Qxg6 18. Qh4 Bg4 19. Rd3 Rf7 20. Rg3 Rg7 21. Nf3
h5 22. f5 1/2-1/2

[Event "ChessOrg Schachfestival  2015 - Open"]
[Site "Bad Wörishofen"]
[Date "2015.02.28"]
[Round "3.23"]
[White "Calzetta, Monica"]
[Black "Remensberger, Hansuli"]
[Result "1-0"]
[WhiteElo "2212"]
[BlackElo "2026"]
[Annotator "chessorg"]
[PlyCount "27"]
[EventDate "2015.??.??"]
[WhiteTeam "SK Doppelbauer Kiel"]
[BlackTeam "Chessflyers Kloten"]

1. e4 e6 2. d4 d5 3. Nd2 Nc6 4. Ngf3 Nf6 5. e5 Nd7 6. c4 Be7 7. Bd3 O-O 8. h4
f6 9. Ng5 fxg5 10. Bxh7+ Kxh7 11. hxg5+ Kg8 12. Rh8+ Kxh8 13. Qh5+ Kg8 14. g6
1-0

[Event "ChessOrg Schachfestival  2015 - Open"]
[Site "Bad Wörishofen"]
[Date "2015.02.28"]
[Round "3.30"]
[White "Grimberg, Boris"]
[Black "Valet, Richard"]
[Result "1-0"]
[WhiteElo "2373"]
[BlackElo "2015"]
[Annotator "chessorg"]
[PlyCount "81"]
[EventDate "2015.??.??"]
[WhiteTeam "TSV Haunstetten"]
[BlackTeam "Greifswalder SV"]

1. e4 c5 2. Nf3 Nc6 3. d4 cxd4 4. Nxd4 Nf6 5. Nc3 e5 6. Ndb5 d6 7. Bg5 a6 8.
Na3 b5 9. Nd5 Be7 10. Bxf6 Bxf6 11. c4 b4 12. Nc2 Rb8 13. Qd3 Bg5 14. g3 O-O
15. Bg2 Be6 16. O-O Bh6 17. b3 a5 18. Rad1 a4 19. f4 axb3 20. axb3 Ra8 21. Kh1
exf4 22. gxf4 Qh4 23. Qg3 Qxg3 24. hxg3 Ra2 25. Ncxb4 Nxb4 26. Nxb4 Rb2 27. Rb1
Rxb1 28. Rxb1 g6 29. Nc6 Ra8 30. e5 Ra2 31. exd6 Rd2 32. Ne7+ Kf8 33. Bd5 Bg7
34. b4 Bf6 35. Bxe6 Rxd6 36. Nd5 Rxe6 37. Nxf6 Rxf6 38. b5 Rb6 39. c5 Rb8 40.
c6 Ke7 41. c7 1-0

[Event "ChessOrg Schachfestival  2015 - Open"]
[Site "Bad Wörishofen"]
[Date "2015.02.28"]
[Round "3.31"]
[White "Estremera, Sergio"]
[Black "Deues, Erik"]
[Result "0-1"]
[WhiteElo "2353"]
[BlackElo "2007"]
[Annotator "chessorg"]
[PlyCount "70"]
[EventDate "2015.??.??"]
[BlackTeam "Schachklub Germering e. V."]

1. d4 Nf6 2. c4 g6 3. Nc3 d5 4. cxd5 Nxd5 5. Bd2 Bg7 6. e4 Nb6 7. Be3 Nc6 8. d5
Ne5 9. f4 Ng4 10. Bb5+ c6 11. dxc6 O-O 12. Qxd8 Rxd8 13. c7 Rf8 14. Bc5 Bxc3+
15. bxc3 Nd7 16. Bxd7 Bxd7 17. h3 b6 18. Bxe7 Rfe8 19. Bh4 Rxe4+ 20. Ne2 Ne3
21. Kf2 Rc8 22. Bd8 Ba4 23. Ng3 Re6 24. c4 Nc2 25. Rad1 Nb4 26. Rd4 Na6 27. f5
Re5 28. c5 b5 29. f6 Rxc5 30. Re1 Nxc7 31. Re7 Rc2+ 32. Kg1 Ne6 33. Re8+ Nf8
34. Re7 Rxa2 35. Ne4 b4 0-1

[Event "ChessOrg Schachfestival  2015 - Open"]
[Site "Bad Wörishofen"]
[Date "2015.02.28"]
[Round "3.35"]
[White "Mueller, Martin"]
[Black "Mattes, Heinz"]
[Result "1-0"]
[WhiteElo "2132"]
[BlackElo "1997"]
[Annotator "chessorg"]
[PlyCount "47"]
[EventDate "2015.??.??"]
[WhiteTeam "Schachverein Unser Fritz Wanne-Eickel 1955 e."]
[BlackTeam "SK Siemens Muenchen"]

1. e4 e6 2. d4 d5 3. Nc3 Nf6 4. e5 Nfd7 5. f4 c5 6. Nf3 Nc6 7. Be3 Qb6 8. Qd2
cxd4 9. Nxd4 Nxd4 10. Bxd4 Qd8 11. Bd3 g6 12. O-O-O Bg7 13. Qe3 O-O 14. h4 f5
15. h5 Re8 16. g4 b6 17. Rdg1 fxg4 18. Rxg4 gxh5 19. Rxh5 Nf8 20. Qh3 Re7 21.
Bxh7+ Nxh7 22. Rxh7 Qd7 23. Rh8+ Kf7 24. Qh5# 1-0

[Event "ChessOrg Schachfestival  2015 - Open"]
[Site "Bad Wörishofen"]
[Date "2015.02.28"]
[Round "3.38"]
[White "Hess, Max"]
[Black "Scharrer, Udo"]
[Result "1-0"]
[WhiteElo "2114"]
[BlackElo "1979"]
[Annotator "chessorg"]
[PlyCount "37"]
[EventDate "2015.??.??"]
[WhiteTeam "Post-SV Memmingen"]
[BlackTeam "SV Dicker Turm Esslingen"]

1. e4 c5 2. Nf3 Nc6 3. Bb5 d6 4. d4 cxd4 5. Qxd4 Bd7 6. Bxc6 Bxc6 7. Nc3 Nf6 8.
Bg5 e6 9. O-O-O Be7 10. Qd3 O-O 11. Nd4 Qa5 12. f4 Rac8 13. Kb1 a6 14. f5 Bd7
15. Nb3 Qc7 16. e5 dxe5 17. Bxf6 Bc6 18. Bxe7 Qxe7 19. fxe6 1-0

[Event "ChessOrg Schachfestival  2015 - Open"]
[Site "Bad Wörishofen"]
[Date "2015.02.28"]
[Round "3.42"]
[White "Frei, Markus"]
[Black "Schleich, Theo"]
[Result "0-1"]
[WhiteElo "1960"]
[BlackElo "2081"]
[Annotator "chessorg"]
[PlyCount "36"]
[EventDate "2015.??.??"]
[WhiteTeam "Freibauer Moerlenbach-Birkenau"]
[BlackTeam "SK Siemens Muenchen"]

1. e4 c5 2. Nf3 e6 3. d4 cxd4 4. Nxd4 a6 5. c4 Qc7 6. Nc3 Nf6 7. Be3 Bb4 8. Bd3
Bxc3+ 9. bxc3 d6 10. Nb3 Nbd7 11. O-O O-O 12. f3 Ne5 13. Qe2 Bd7 14. Rfd1 Rfd8
15. c5 dxc5 16. Bxc5 Ba4 17. Bd4 Nxd3 18. e5 Nf4 0-1

[Event "ChessOrg Schachfestival  2015 - Open"]
[Site "Bad Wörishofen"]
[Date "2015.02.28"]
[Round "3.49"]
[White "Reinke, Kurt"]
[Black "Bader, Gerd"]
[Result "0-1"]
[WhiteElo "1919"]
[BlackElo "2045"]
[Annotator "chessorg"]
[PlyCount "34"]
[EventDate "2015.??.??"]
[WhiteTeam "Schachgesellschaft Benrath 1924"]
[BlackTeam "SG Schwaebisch Gmuend 1872 e.V"]

1. d4 d6 2. Nf3 g6 3. g3 Bg7 4. Bg2 Nd7 5. c4 e5 6. Bg5 Ngf6 7. Nc3 h6 8. Bc1
O-O 9. dxe5 dxe5 10. e4 Re8 11. b4 a5 12. Ba3 axb4 13. Bxb4 c5 14. Bxc5 Nxc5
15. Qxd8 Rxd8 16. Nxe5 Nfxe4 17. Nxe4 Bxe5 0-1

[Event "ChessOrg Schachfestival  2015 - Open"]
[Site "Bad Wörishofen"]
[Date "2015.02.28"]
[Round "3.54"]
[White "Jankowski, Moritz"]
[Black "Knoll, Georg"]
[Result "1-0"]
[WhiteElo "1808"]
[BlackElo "2029"]
[Annotator "chessorg"]
[PlyCount "71"]
[EventDate "2015.??.??"]
[WhiteTeam "SK Marktoberdorf"]
[BlackTeam "VfL Leipheim 1898"]

1. e4 g6 2. d4 Bg7 3. Nf3 c5 4. c3 cxd4 5. Bc4 d5 6. Bxd5 e6 7. Bb3 dxc3 8.
Qxd8+ Kxd8 9. Nxc3 Nc6 10. O-O Bxc3 11. bxc3 f6 12. Rd1+ Ke7 13. Ba3+ Kf7 14.
Nd4 Nxd4 15. cxd4 Ne7 16. Rac1 Rd8 17. Rc7 Rd7 18. Rdc1 Nc6 19. Rxc8 Rxc8 20.
d5 Kg7 21. dxc6 Rxc6 22. Rxc6 bxc6 23. Kf1 Kf7 24. Ke2 g5 25. f3 h5 26. g3 Rb7
27. f4 gxf4 28. gxf4 Ke8 29. Bxe6 Rb1 30. h3 a5 31. e5 fxe5 32. f5 Rb5 33. Bd6
Rb2+ 34. Ke3 Rb1 35. f6 Re1+ 36. Kf2 1-0

[Event "ChessOrg Schachfestival  2015 - Open"]
[Site "Bad Wörishofen"]
[Date "2015.02.28"]
[Round "3.91"]
[White "Eschle, Hubert"]
[Black "Sauerwein, Martin"]
[Result "1-0"]
[WhiteElo "1834"]
[BlackElo "1579"]
[Annotator "chessorg"]
[PlyCount "61"]
[EventDate "2015.??.??"]
[WhiteTeam "SR Spaichingen"]
[BlackTeam "SC Kaufbeuren"]

1. e4 e6 2. d4 d5 3. e5 c5 4. c3 Qb6 5. Nf3 Nc6 6. a3 cxd4 7. cxd4 Nge7 8. b4
Nf5 9. Bb2 a6 10. g4 Nfe7 11. Nc3 g6 12. Rc1 Bg7 13. Na4 Qd8 14. Nc5 O-O 15. g5
b6 16. Nd3 Bd7 17. h4 Nf5 18. Nf4 h6 19. Be2 b5 20. Rg1 Qb6 21. Rc5 Nd8 22. Nh2
Nb7 23. Ng4 Nxc5 24. dxc5 Qc7 25. Nf6+ Kh8 26. h5 hxg5 27. Rxg5 Bh6 28. Rg4
Bxf4 29. Rxf4 gxh5 30. Qd2 Rg8 31. Rxf5 1-0

[Event "ChessOrg Schachfestival  2015 - Open"]
[Site "Bad Wörishofen"]
[Date "2015.02.28"]
[Round "3.93"]
[White "Redemann, Dietmar"]
[Black "Lindstaedt, Jan"]
[Result "1-0"]
[WhiteElo "1813"]
[BlackElo "1446"]
[Annotator "chessorg"]
[PlyCount "43"]
[EventDate "2015.??.??"]
[WhiteTeam "SC Schwabmünchen"]
[BlackTeam "SV Unser Fritz Wanne-Eickel"]

1. c4 f5 2. Nc3 e5 3. d4 e4 4. e3 g6 5. Nge2 Nf6 6. b3 Bg7 7. Ba3 d6 8. Nf4 O-O
9. Be2 Na6 10. h4 c6 11. Qd2 Nc7 12. h5 g5 13. h6 Bh8 14. Nh5 a6 15. Bb2 b5 16.
cxb5 axb5 17. d5 Ncxd5 18. Nxd5 Nxd5 19. Bxh8 Kxh8 20. Bxb5 cxb5 21. Qxd5 Rb8
22. Qd4+ 1-0

[Event "ChessOrg Schachfestival  2015 - Open"]
[Site "Bad Wörishofen"]
[Date "2015.02.28"]
[Round "3.57"]
[White "Urban, Rudolf"]
[Black "Mack, Thomas"]
[Result "0-1"]
[WhiteElo "1874"]
[BlackElo "2007"]
[Annotator "chessorg"]
[PlyCount "70"]
[EventDate "2015.??.??"]
[WhiteTeam "SC Roter Turm Altstadt"]
[BlackTeam "SC Tarrasch 45 München"]

1. d4 c5 2. dxc5 e6 3. e4 Bxc5 4. Nf3 Qb6 5. Qe2 Nf6 6. h3 O-O 7. Nbd2 d5 8. e5
Ne4 9. Nxe4 dxe4 10. Ng5 Nc6 11. c3 e3 12. f4 Nb4 13. Ne4 Nd5 14. Nxc5 Qxc5 15.
Qc4 Qxc4 16. Bxc4 Nxf4 17. Bxe3 Nxg2+ 18. Kf2 Nxe3 19. Kxe3 Bd7 20. Rhd1 Bc6
21. Rd4 Rfe8 22. Rg1 Rad8 23. b4 a6 24. Bb3 Kf8 25. a4 Rxd4 26. Kxd4 b6 27. c4
Rd8+ 28. Ke3 f5 29. c5 bxc5 30. bxc5 Bd5 31. Rd1 Ke7 32. Bxd5 Rxd5 33. Rxd5
exd5 34. c6 g5 35. a5 g4 0-1

[Event "ChessOrg Schachfestival  2015 - Open"]
[Site "Bad Wörishofen"]
[Date "2015.02.28"]
[Round "3.90"]
[White "Forster, Rudolf"]
[Black "Huber, Dorit"]
[Result "1-0"]
[WhiteElo "1837"]
[BlackElo "1618"]
[Annotator "chessorg"]
[PlyCount "97"]
[EventDate "2015.??.??"]
[WhiteTeam "SC Friedberg im Gehoerl. Sportverein"]
[BlackTeam "Schachklub Germering e. V."]

1. e4 c6 2. d4 d5 3. e5 Bf5 4. f4 e6 5. Nf3 h6 6. Bd3 Bxd3 7. Qxd3 Nd7 8. O-O
c5 9. c3 Ne7 10. dxc5 Nf5 11. b4 Be7 12. Nd4 g6 13. Nd2 Qc7 14. N2b3 Nb8 15.
Bd2 a6 16. Rac1 Nc6 17. a4 b6 18. g4 bxc5 19. Nxc5 Bxc5 20. bxc5 Nfe7 21. Nxc6
Nxc6 22. Be3 g5 23. Bd4 gxf4 24. Rxf4 Rg8 25. Qh7 Rf8 26. Re1 Qa5 27. Ref1 Ra7
28. Qc2 Qc7 29. Re1 Qd8 30. Rf6 Rb7 31. Rb1 Qc7 32. Rxb7 Qxb7 33. Rxh6 Nxd4 34.
cxd4 Qb4 35. Qd1 Ke7 36. Rh3 Rb8 37. Rf3 Qb1 38. Rf1 Qxd1 39. Rxd1 Rb4 40. a5
Rb2 41. Rd3 f6 42. exf6+ Kxf6 43. Rc3 Ke7 44. c6 Kd8 45. c7+ Kc8 46. g5 Rb4 47.
g6 Rxd4 48. g7 Rg4+ 49. Rg3 1-0

[Event "ChessOrg Schachfestival  2015 - Open"]
[Site "Bad WÃ¶rishofen"]
[Date "2015.03.01"]
[Round "4.1"]
[White "Khenkin, Igor"]
[Black "Cebalo, Miso"]
[Result "0-1"]
[WhiteElo "2590"]
[BlackElo "2379"]
[Annotator "chessorg"]
[PlyCount "88"]
[EventDate "2015.??.??"]
[WhiteTeam "Schachgemeinschaft Porz e.V."]

1. d4 Nf6 2. Nf3 c5 3. d5 e6 4. Nc3 exd5 5. Nxd5 Nxd5 6. Qxd5 Be7 7. e4 O-O 8.
Bf4 Na6 9. O-O-O Nb4 10. Qh5 Nxa2+ 11. Kb1 Nb4 12. c3 Nc6 13. e5 g6 14. Qh6 d5
15. Ng5 Bxg5 16. Bxg5 f6 17. Bxf6 Bf5+ 18. Bd3 Rxf6 19. exf6 Qxf6 20. Qd2 d4
21. Bxf5 Qxf5+ 22. Qc2 Qd5 23. f3 Rd8 24. Qe4 Qxe4+ 25. fxe4 Kf7 26. Kc2 Ke6
27. Rhf1 Ne5 28. cxd4 cxd4 29. Kb3 d3 30. h3 a5 31. Ra1 b6 32. Rfd1 Rd4 33. Ra4
Rd6 34. Ka2 Nd7 35. Rc4 Nc5 36. b4 axb4 37. Rxb4 Ke5 38. Kb2 d2 39. Kc2 Nxe4
40. Rc4 b5 41. Rb4 Rd5 42. h4 h5 43. g3 Rc5+ 44. Kb2 Kd5 0-1

[Event "ChessOrg Schachfestival  2015 - Open"]
[Site "Bad WÃ¶rishofen"]
[Date "2015.03.01"]
[Round "4.2"]
[White "Pirrot, Dieter"]
[Black "Teske, Henrik"]
[Result "0-1"]
[WhiteElo "2376"]
[BlackElo "2483"]
[Annotator "chessorg"]
[PlyCount "64"]
[EventDate "2015.??.??"]
[WhiteTeam "SV 1920 Hofheim"]
[BlackTeam "SV Glueck auf Ruedersdorf e.V."]

1. e4 c6 2. d4 d5 3. e5 Bf5 4. h4 f6 5. Bd3 Bxd3 6. Qxd3 e6 7. Ne2 fxe5 8. dxe5
Nd7 9. Qh3 Nxe5 10. Qxe6+ Qe7 11. Qh3 Nf6 12. Bg5 h6 13. Bf4 Ng6 14. Be3 Qd7
15. Nbc3 Qxh3 16. Rxh3 Bd6 17. O-O-O O-O 18. h5 Ne5 19. f3 Nc4 20. Bg1 Rfe8 21.
Kb1 Ne3 22. Bxe3 Rxe3 23. a3 Rae8 24. Nd4 Re1 25. Nf5 Bf4 26. Rxe1 Rxe1+ 27.
Ka2 Be5 28. Kb3 Kf7 29. Rh4 Nd7 30. f4 Nc5+ 31. Kb4 b6 32. fxe5 a5# 0-1

[Event "ChessOrg Schachfestival  2015 - Open"]
[Site "Bad Wörishofen"]
[Date "2015.03.01"]
[Round "4.5"]
[White "Melamed, Tatjana"]
[Black "Lampert, Jonas"]
[Result "1/2-1/2"]
[WhiteElo "2279"]
[BlackElo "2454"]
[Annotator "chessorg"]
[PlyCount "48"]
[EventDate "2015.??.??"]
[WhiteTeam "SG Aufbau Elbe Magdeburg"]
[BlackTeam "Hamburger SK von 1830 eV"]

1. e4 e5 2. Nf3 Nc6 3. Bb5 g6 4. d4 exd4 5. c3 Nge7 6. cxd4 d5 7. exd5 Nxd5 8.
O-O Bg7 9. Re1+ Be6 10. Bg5 Qd6 11. Nbd2 O-O 12. Ne4 Qb4 13. Bxc6 bxc6 14. Qc1
Rfe8 15. Bd2 Qb6 16. Nc5 Bf5 17. Ne5 Re7 18. Nb3 Rae8 19. Na5 Re6 20. Nexc6
Bxd4 21. Nxd4 Rxe1+ 22. Bxe1 Qxd4 23. Qd2 Qxd2 24. Bxd2 Re2 1/2-1/2

[Event "ChessOrg Schachfestival  2015 - Open"]
[Site "Bad Wörishofen"]
[Date "2015.03.01"]
[Round "4.9"]
[White "Dewenter, Ulf"]
[Black "Romanishin, Oleg"]
[Result "0-1"]
[WhiteElo "2165"]
[BlackElo "2472"]
[Annotator "chessorg"]
[PlyCount "66"]
[EventDate "2015.??.??"]
[WhiteTeam "Schachclub Weiße Dame Borbeck 25 e.V."]

1. f4 d5 2. Nf3 g6 3. g3 Bg7 4. Bg2 Nf6 5. O-O O-O 6. d3 b6 7. c3 Bb7 8. Nbd2
c5 9. Qc2 Ng4 10. Nb3 Nd7 11. h3 Ngf6 12. Re1 Qc7 13. Be3 e5 14. fxe5 Nxe5 15.
Nxe5 Qxe5 16. Bf4 Qe7 17. e4 dxe4 18. dxe4 Nh5 19. Rad1 Be5 20. Bxe5 Qxe5 21.
g4 Nf4 22. Nc1 c4 23. Qf2 Rad8 24. Rxd8 Rxd8 25. Qe3 Nxg2 26. Kxg2 Bxe4+ 27.
Kg1 f5 28. gxf5 gxf5 29. Qg5+ Qg7 30. Qxg7+ Kxg7 31. Kf2 Kf6 32. b3 b5 33. bxc4
bxc4 0-1

[Event "ChessOrg Schachfestival  2015 - Open"]
[Site "Bad Wörishofen"]
[Date "2015.03.01"]
[Round "4.14"]
[White "Schleich, Theo"]
[Black "Grimberg, Boris"]
[Result "0-1"]
[WhiteElo "2081"]
[BlackElo "2373"]
[Annotator "chessorg"]
[PlyCount "62"]
[EventDate "2015.??.??"]
[WhiteTeam "SK Siemens Muenchen"]
[BlackTeam "TSV Haunstetten"]

1. d4 d5 2. Bg5 c6 3. e3 h6 4. Bh4 Qb6 5. Nf3 Qxb2 6. Nbd2 Qb6 7. Bd3 Nf6 8.
O-O g5 9. Bg3 Bg7 10. c4 O-O 11. Rb1 Qd8 12. Ne5 c5 13. dxc5 Nc6 14. cxd5 Qxd5
15. Bc4 Qxc5 16. Rb5 Qa3 17. Nxc6 bxc6 18. Nb1 Qa6 19. Rb8 Qxc4 20. Rxa8 Qxa2
21. Qd4 a6 22. Nc3 Qc2 23. Be5 c5 24. Qa4 Qf5 25. f4 Qd3 26. Re1 gxf4 27. exf4
Ng4 28. Bxg7 Kxg7 29. Ne4 Rd8 30. Nxc5 Qd5 31. Ne4 Qxa8 0-1

[Event "ChessOrg Schachfestival  2015 - Open"]
[Site "Bad Wörishofen"]
[Date "2015.03.01"]
[Round "4.15"]
[White "Lupor, Andre"]
[Black "Matzat, Andre"]
[Result "1/2-1/2"]
[WhiteElo "2283"]
[BlackElo "2077"]
[Annotator "chessorg"]
[PlyCount "42"]
[EventDate "2015.??.??"]
[WhiteTeam "Schachgemeinschaft Ennepe-Ruhr-Sued"]
[BlackTeam "Schachclub Weiße Dame Borbeck 25 e.V."]

1. d4 Nf6 2. c4 Nc6 3. Nf3 e6 4. Nc3 Bb4 5. Qc2 d6 6. Bd2 O-O 7. a3 Bxc3 8.
Bxc3 a5 9. e4 e5 10. d5 Nb8 11. Be2 Na6 12. Nd2 Ne8 13. O-O Qg5 14. Kh1 f5 15.
f4 exf4 16. e5 dxe5 17. Nf3 Qe7 18. Nxe5 Nc5 19. Nd3 Ne4 20. Nxf4 Nxc3 21. bxc3
Bd7 1/2-1/2

[Event "ChessOrg Schachfestival  2015 - Open"]
[Site "Bad Wörishofen"]
[Date "2015.03.01"]
[Round "4.16"]
[White "Stuemer, Paul"]
[Black "Felgendreher, Heiko"]
[Result "1/2-1/2"]
[WhiteElo "2092"]
[BlackElo "2230"]
[Annotator "chessorg"]
[PlyCount "79"]
[EventDate "2015.??.??"]
[WhiteTeam "Schachverein Bergneustadt/Derschlag"]
[BlackTeam "Freibauer Moerlenbach-Birkenau"]

1. Nf3 Nf6 2. c4 g6 3. Nc3 d5 4. e3 Bg7 5. d4 O-O 6. cxd5 Nxd5 7. Bc4 Nb6 8.
Bb3 Nc6 9. O-O e5 10. d5 Na5 11. Bc2 c6 12. dxc6 Nxc6 13. e4 Qe7 14. Bg5 f6 15.
Bb3+ Kh8 16. Be3 Rd8 17. Qe1 Nd4 18. Bxd4 exd4 19. Nd5 Nxd5 20. exd5 Qc5 21.
Rc1 Qb6 22. Qd2 Bd7 23. Rfe1 Rac8 24. Rxc8 Rxc8 25. Nxd4 Bf8 26. Ne6 Qb4 27.
Qxb4 Bxb4 28. Rd1 Bd6 29. f4 a5 30. a4 b5 31. axb5 Bxb5 32. Ra1 Bb4 33. g3 h5
34. Kg2 Bc4 35. Bxc4 Rxc4 36. Rd1 Rc2+ 37. Kf3 Bd6 38. Ra1 Bb4 39. Rd1 Bd6 40.
Ra1 1/2-1/2

[Event "ChessOrg Schachfestival  2015 - Open"]
[Site "Bad Wörishofen"]
[Date "2015.03.01"]
[Round "4.25"]
[White "Diotallevi, Maurizio"]
[Black "Weisenburger, Horst"]
[Result "1/2-1/2"]
[WhiteElo "2016"]
[BlackElo "2163"]
[Annotator "chessorg"]
[PlyCount "38"]
[EventDate "2015.??.??"]
[WhiteTeam "Castelfidardo"]

1. d4 f5 2. Nf3 Nf6 3. g3 g6 4. Bg2 Bg7 5. O-O O-O 6. b4 d6 7. Bb2 c6 8. c4 e5
9. dxe5 Ng4 10. Qc2 Nxe5 11. Nbd2 Be6 12. Rac1 Nbd7 13. a4 Rc8 14. Rfd1 Qe7 15.
e3 c5 16. b5 g5 17. Nxe5 Nxe5 18. f4 Ng4 19. Bxg7 Qxg7 1/2-1/2

[Event "ChessOrg Schachfestival  2015 - Open"]
[Site "Bad Wörishofen"]
[Date "2015.03.01"]
[Round "4.30"]
[White "Margraf, Christoph"]
[Black "Mueller, Martin"]
[Result "1/2-1/2"]
[WhiteElo "1951"]
[BlackElo "2132"]
[Annotator "chessorg"]
[PlyCount "103"]
[EventDate "2015.??.??"]
[WhiteTeam "SC Ansbach 1855 e.V."]
[BlackTeam "Schachverein Unser Fritz Wanne-Eickel 1955 e."]

1. d4 f5 2. Nc3 Nf6 3. Bg5 d5 4. Bxf6 exf6 5. e3 Be6 6. Bd3 Bb4 7. Nge2 Qd7 8.
a3 Bxc3+ 9. Nxc3 Nc6 10. Qf3 Ne7 11. h4 O-O-O 12. Bb5 Qd6 13. Qf4 g5 14. hxg5
fxg5 15. Qxd6 Rxd6 16. Rh6 Ng8 17. Rh2 h5 18. g3 Nf6 19. Be2 Rd7 20. Bf3 Rdh7
21. Ke2 h4 22. gxh4 gxh4 23. Rg1 Ng4 24. Bxg4 fxg4 25. Kd2 Rg8 26. Ne2 Bf5 27.
Nf4 Be4 28. Nd3 h3 29. Ne5 Bg2 30. Nd3 Rf7 31. Nf4 Rgf8 32. c3 b6 33. Rhxg2
hxg2 34. Rxg2 Rxf4 35. exf4 Rxf4 36. Ke2 Kd7 37. Rg3 a5 38. a4 c5 39. dxc5 bxc5
40. b3 Kd6 41. Re3 d4 42. cxd4 Rxd4 43. Rc3 Kd5 44. f3 gxf3+ 45. Rxf3 c4 46.
Rc3 cxb3 47. Rxb3 Rxa4 48. Kd2 Rb4 49. Rxb4 axb4 50. Kc2 Kc4 51. Kb2 b3 52. Kb1
1/2-1/2